000 01282naa a22003257a 4500
001 BR8107701
003 BR-BrBNA
005 20250716171954.0
007 ta
008 250630b bl.|||m| |||| 00| 0 por d
040 _aBR-BrBNA
_bpor
_cBiblioteca Nacional de Agricultura
041 _a(Pt)
072 _aL00; E70
_b5213
_b9702
_bG514
090 _aL00 BR8107701
100 1 _aLima, L.F.C.
111 1 _a1. Jornada Tecnica de Bovinocultura de Corte no Rio Grande do Sul
_cBage, RS (Brazil)
_d11-13 Nov 1980
245 1 _aPerspectivas de producao e comercializacao da carne bovina na decada de 80 [Rio Grande do Sul, Brasil]
500 _aAnais da 1. Jornada Tecnica de Bovinocultura de Corte no Rio Grande do Sul Bage, RS (Brasil): 1981. v. 2 p. 253-283 (BR8107701-AMS)
773 0 _tAnais da 1. Jornada Tecnica de Bovinocultura de Corte no Rio Grande do Sul
_wL00 BR8107701
_gBage, RS (Brasil), 1981. v. 2 p. 253-283
650 _aGADO DE CORTE
650 _aBOVINO
650 _aCARNE
650 _aPRODUCAO ANIMAL
650 _aCONSUMO
650 _aMERCADO
650 _aRIO GRANDE DO SUL
490 _aDocumentos - Unidade de Execucao de Pesquisa de Ambito Estadual de Bage (Brazil)
_vno. 1
942 _cAMS
_2AGRIS
909 _a202506
_bLúcia
_c55
_dLúcia Elande
999 _c333920
_d333920